[Event "Match 72__120'/40"]
[Site "Zurich"]
[Date "2022.??.??"]
[Round "38"]
[White "Mephisto MM II"]
[Black "CXG Sphinx Legend"]
[Result "1-0"]
[WhiteElo "1815"]
[BlackElo "1816"]
[Annotator "KUT"]
[PlyCount "74"]
[EventDate "2022.??.??"]

{[%evp 0,74,19,29,18,21,31,10,15,15,8,3,8,2,8,-13,18,-13,17,18,32,24,40,28,59,43,43,30,27,26,41,29,39,33,33,22,100,20,20,30,74,31,30,-33,-20,-31,-22,-20,-24,-16,-42,-33,-1,0,5,-1,3,0,52,52,46,-10,-3,-14,23,29,23,26,53,53,229,185,176,219,29995,29996,29997]} 1. Nf3 Nf6 {Match 72: 120'/40+60'/20+30' | Bediener: Rolf Bühler | 38. Partie: Weiss (MM II) gewinnt | Zwischenstand: 20,0-18,0 (52,6%) für Mephisto MM II | Den Torre Angriff behandelt Weiss harmlos und nicht eben systemgemäss, weil er auf den Zentrumsvorstoss e4 verzichtet. So hat Schwarz keine Probleme, die Partie ausgeglichen zu gestalten, ja gar leichten Vorteil zu erzielen. Als dann der Mephisto MM II einen wenig versprechenden Königsangriff unternimmt, vernachlässigt die CXG Sphinx Legend sträflich die Sicherheit seiner Königsstellung und wird vom Gegner prompt bestraft. Eine völlig unnötige Niederlage von Schwarz.} 2. d4 e6 3. Bg5 {***ENDE BUCH*** Der Torre-Angriff, benannt nach dem mexikanischen Schachspieler und Grossmeister Carlos Torre Repetto (29.11.1904 - 19.3.1978). Im Moskauer Turnier 1925 gewann Carlos Torre damit eine berühmte Partie gegen den damaligen Weltmeister Emanuel Lasker.} Be7 {***ENDE BUCH***} (3... c5 4. e3 cxd4 5. exd4 Be7 6. Nbd2 d6 7. c3 Nbd7 8. Bd3 b6 9. Nc4 Bb7 10. Qe2 Qc7 11. O-O O-O 12. Rfe1 Rfe8 13. Rad1 Nf8 14. Bc1 Nd5 15. Ng5 b5 16. Na3 b4 17. cxb4 Nxb4 18. Qh5 Bxg5 19. Bxg5 Nxd3 20. Rxd3 Qa5 21. b4 Qf5 22. Rg3 h6 23. Nc4 Qd5 24. Ne3 Qb5 25. Bf6 Qxh5 26. Rxg7+ Kh8 27. Rxf7+ Kg8 28. Rg7+ Kh8 29. Rxb7+ Kg8 30. Rg7+ Kh8 31. Rg5+ Kh7 32. Rxh5 Kg6 33. Rh3 Kxf6 34. Rxh6+ Kg5 35. Rh3 Reb8 36. Rg3+ Kf6 37. Rf3+ Kg6 38. a3 a5 39. bxa5 Rxa5 40. Nc4 Rd5 41. Rf4 Nd7 42. Rxe6+ Kg5 43. g3 {1-0 Torre Repetto,C-Lasker,E Moscow International-01 1925 (12)}) 4. Nc3 {Üblichere Fortsetzungen sind 4.e3 oder 4.Sbd1. Mit dem Textzug steuert Weiss so rasch als möglich den Bauernvorstoss e4 an.} d5 {Die logische Antwort.} 5. Qd2 $6 {Damit zeigt Weiss, dass er die Stellung nicht versteht, weil er den mit 4.Sc3 eingeleiteten Plan nicht ausführt, der darin bestünde, durch} (5. Bxf6 Bxf6 {den Vorstoss} 6. e4 $11 {auszuführen.}) 5... Nbd7 6. e3 h6 7. Bh4 c5 $15 {Aufgrund der zurückhaltenden Eröffnungsanlage von Weiss, übernimmt Schwarz bereits die Initiative.} 8. Bd3 cxd4 $6 {Gibt den Druck auf das gegnerische Zentrum auf und macht seinen geringen Vorteil zunichte.} 9. exd4 Qb6 {Angriff auf den Bauern b2 und stellt eine Drohung auf, die indessen keine ist.} 10. Rb1 $6 {Viel zu passiv und zeigt, dass Weiss nicht erkannt hat, dass der Bauer b2 nach der kurzen Rochade vergiftet war.} (10. O-O Qxb2 $4 {verliert} 11. Rfb1 {und erobert entscheidend Material, z.B.} Qa3 12. Nb5 Qa4 13. Nc7+ {und der schwarze Turm muss sein Leben lassen} Kf8 14. Nxa8 $18) 10... O-O 11. O-O Re8 12. a3 a6 13. Rfe1 Qc7 {Setzt sich dem Angriff Lg3 aus, was bedeutet, dass 14.Lg3 mit 14...Ld6 zu beantworten ist, um nicht schon wieder ein Tempo zu verlieren.} 14. Bg3 Qb6 15. Ne5 Nxe5 16. Bxe5 Bd7 17. Qf4 Rac8 18. Qg3 Red8 19. Qh4 Rc6 {Mit ...Le8 oder ...Kh8 ging es besser. Denn nun könnte Weiss doch Vorteil erlangen.} 20. Ne2 (20. Na4 {ist besser} Qa7 21. Re3 {und Schwarz schwebt in Gefahr, einem weissen Königsangriff zu erliegen.}) 20... Re8 21. b4 (21. Nf4 $5 {wäre eine hübsche Falle} g5 $2 22. Qxh6 gxf4 23. Bxf6 Bxf6 24. Bh7+ Kh8 25. Bg6+ Kg8 26. Qh7+ Kf8 27. Qxf7#) 21... Rcc8 22. Qg3 {Das Gleichgewicht hätte 22.b5 besser gewahrt.} Bb5 23. Bxb5 Qxb5 24. Nc3 Qc4 25. Re3 Kh7 26. Rf3 Rc6 27. Re1 Rec8 28. Ree3 a5 29. b5 Rb6 30. a4 Qb4 31. Re1 Bd8 32. Rb1 Qc4 33. Rd1 Be7 34. Qh3 {[#]} Bb4 $2 {Auf einen Schlag erhält Schwarz nach diesem die Königsstellung massiv schwächenden Fehler eine verlorene Stellung. Dabei wäre die Stellung nach 34...Tf8 oder dem interessanten 34...Td6!? im Gleichgewicht geblieben.} ({Leptir P 121222-avx2:} 34... Rd6 $5 35. Rdd3 (35. Bxd6 Bxd6 $11) 35... Qb4 36. Bxd6 Bxd6 37. g3 Rc4 38. Qf1 Kg8 39. Qe2 Rxd4 40. Rxd4 Qxd4 41. Qe3 Qc4 42. Qa7 d4 43. Qa8+ Bf8 44. Rxf6 gxf6 45. Ne4 Kg7 46. Nxf6 Kxf6 47. Qxf8 Qxa4 48. Qxh6+ Ke7 49. Qh4+ Kd7 50. Qh7 Qxb5 51. Qxf7+ Kd6 52. Qf4+ Kd5 53. Qf3+ Kc5 54. h4 Qb1+ 55. Kg2 Qxc2 56. h5 Qh7 57. Qf8+ Kc4 58. h6 d3 59. Qc8+ Kb4 60. Qxe6 b5 61. Qe1+ Kc4 62. Qe6+ Kb4 {[%eval 0,51]}) 35. Bxf6 $1 {Der Mephisto MM II packt seine ihm gebotene Chance. Dieser Läufer darf nicht geschlagen werden, weshalb sich Schwarz am weissen Sc3 genüsslich tut, ohne zu ahnen, das es danach sofort aus ist.} Bxc3 (35... gxf6 36. Rxf6 {und die Doppeldrohung Dxh6+ und Txf7+ entscheidet.} Qc7 37. Rxh6+ Kg7 38. Rh7+ Kf8 39. Rh8+ Ke7 40. Nxd5+ $1 exd5 41. Rxc8 $18 {und gewinnt mit seinem materiellen Vorteil leicht.}) 36. Rg3 {Dass 36.Dh5! noch stärker war, tut der weissen Gewinnführung keinen Abbruch.} gxf6 $4 {Die brutale Schwäche der Königssicherheit von CXG Sphinx Legend schlägt wieder einmal voll durch. Das ungarische Programm von Gyula Horvath scheint nicht zu erkennen, dass es nun Matt in drei Zügen wird.} (36... Rg8 {ist stärker, aber ebenso ungenügend wegen} 37. Qh5 $1 (37. Rxc3 {ist weniger kompliziert, um zu gewinnen} Qe2 38. Qd3+ Qxd3 39. Rdxd3 gxf6 40. Rc7 $18) 37... e5 38. dxe5 d4 39. Rh3 Qe6 40. f4 Qd7 41. f5 $18) 37. Qg4 Qf1+ {***AUFGEGEBEN***} 1-0

[Event "Match 72__120'/40"]
[Site "Zurich"]
[Date "2022.??.??"]
[Round "39"]
[White "CXG Sphinx Legend"]
[Black "Mephisto MM II"]
[Result "1-0"]
[WhiteElo "1816"]
[BlackElo "1815"]
[Annotator "KUT"]
[PlyCount "116"]
[EventDate "2022.??.??"]

1. d4 Nf6 {Match 72: 120'/40+60'/20+30' | Bediener: Rolf Bühler | 39. Partie: Weiss (CXG) gewinnt | Zwischenstand: 20,0-19,0 (51,2%) für Mephisto MM II | Die Damenindische Verteidigung führt zu einem spannenden Kampf. Weiss hat Druck am Damenflügel und nach einer interessanten Abwicklung Läufer plus 2 Bauern für einen Turm. Im weiteren Verlauf agiert der MM II ungenau und die CXG Sphinx Legend kreiert einen tödlichen Freibauern auf der d-Linie. Daraus macht jedoch Weiss viel zu wenig und hätte sich im Damenendspiel mit Mehrbauer noch lange quälen müssen. Das Programm von Ulf Rathsman erdreistet sich dann jedoch, die Damen zu tauschen. Danach war die Niederlage im Bauernendspiel besiegelt.} 2. Nf3 e6 3. c4 b6 4. g3 Ba6 {***ENDE BUCH***} 5. b3 {***ENDE BUCH***} Nc6 {Der erste selbst errechnete Zug, der nicht so richtig in das von Schwarz gewählte System passt. Als Überraschungswaffe sind solche exotischen Züge aber durchaus spielbar. Und nicht verwunderlich, findet man kaum Partien zu dieser Stellung.} 6. e3 {Entwicklung mit 6.Lb2 oder 6.Lg2 bzw. 6.Sbd2 verdienen den Vorzug.} (6. Nbd2 Bb7 7. e4 d5 8. cxd5 exd5 9. e5 Ne4 10. a3 Be7 11. Qc2 O-O 12. Bd3 f5 13. O-O Qd7 14. b4 Nd8 15. Bb2 Ne6 16. b5 c5 17. bxc6 Bxc6 18. a4 a6 19. Rfc1 Rfc8 20. Qb3 b5 21. axb5 axb5 22. Rxa8 Rxa8 23. Qc2 Bb7 24. Qb3 b4 25. Ra1 Rxa1+ 26. Bxa1 Bc6 27. Qb1 g5 28. Nb3 g4 29. Nfd2 N6g5 30. Bxe4 dxe4 31. Qe1 Qd5 32. Qe3 Nh3+ 33. Kf1 Bg5 34. Qe2 Bb5 {0-1 Darnell,A (1979)-Mikalsen,E (2313) Rilton Cup 45th Stockholm 2015 (3)}) 6... Bb7 7. Nc3 {Weniger genau als Lg2 oder Sbd2.} Bb4 8. Bb2 Ne4 9. Rc1 Nxc3 $11 {Es steht ausgeglichen.} 10. Bxc3 O-O 11. Bg2 Bxc3+ 12. Rxc3 d5 (12... Ne7 {vermag besser zu gefallen: So wird die schöne Diagonale des Lb7 geöffnet und die Schliessung dieser Diagonale durch d4-d5 verhindert.} 13. O-O Be4 14. Nh4 Bxg2 15. Kxg2 $14) 13. O-O a5 14. cxd5 exd5 15. Re1 {Was der Turm hier will bzw. soll, entzieht sich meiner Kenntnis. Angesichts der für Weiss halboffenen c-Linie hätte Weiss dort sinnvoll agieren können. Anscheinend ist diese Stellung zu anspruchsvoll für beide Programme, denn die nächsten Züge sind fast ausnahmslos nicht die besten.} (15. Qc2 Nb4 16. Qd2 Qd6 17. Rfc1 $16 {und Weiss ist am Drücker.}) 15... Qe7 {Die Dame gehört nach d6, wo sie die Felder c6 und c7 sowie den d5-Bauern deckt.} 16. Nd2 {Der Lg2 greift den d5-Bauer an.} Na7 {Im Vergleich zu 16...Sb4 ein seltsam anmutendes Manöver.} 17. Qe2 Rae8 18. Qd3 {Natürlich war 18.Tec1 der stellungsgemässe Zug.} c6 19. Rc2 Nb5 $6 {Lässt sich auf eine ungünstige Variante für Schwarz ein.} 20. Bxd5 Na3 {Bei ...cxd5, Dxb5 hat Schwarz einfach einen Bauern weniger.} 21. Rxc6 $1 Qd7 {Eine genauere Verteidigung in dieser hoch komplexen Stellung ist} (21... Rd8 22. Be4 Bxc6 23. Bxc6 Rc8 24. Rc1 Rfd8 25. Qf1 Qf6 26. Bg2 Qd6 {und der Kampf ist noch lange nicht entschieden, obwohl Weiss besser steht.}) 22. Rd6 $1 {sehr gut} Qxd6 23. Bxb7 Rb8 24. Be4 Qh6 $2 {Eine zentral postierte Dame derart ins Abseits zu stellen, ohne irgendwelche Angriffschancen auf die weisse Königsstellung zu haben, kann nur schlecht sein.} 25. Qa6 $6 {Aber sofort macht es die weisse Dame nicht viel besser.} Rfc8 26. Rd1 $6 (26. Nc4 $1 {ist deutlich stärker} Nxc4 27. bxc4 $16 {mit spürbarem Vorteil für Weiss.}) 26... Rc7 $6 (26... Qh5 27. Re1 Rc7 {war eine wesentlich stärkere Verteidigung.}) 27. Qf1 Qh5 28. d5 Rbc8 29. Kg2 b5 $6 (29... Qe5 {war besser}) 30. d6 {Ein lästiger Freibauer} Rd7 31. Rc1 {Nicht übel. Aber eine lange Engine-Analyse bis Suchtiefe 53 attestiert einen gewinnbringenden Vorteil von +-3.72 für 31.Sf3, s. Variante.} ({Leptir P 121222-avx2:} 31. Nf3 g6 32. Rd5 Qg4 33. Rd4 Rxd6 34. Rxd6 Qxe4 35. Qd1 Re8 36. Rd8 Kg7 37. Rxe8 Qxe8 38. Qd5 Nc2 39. Qc5 Qe4 40. Qc3+ f6 41. Qxa5 g5 42. Kg1 b4 43. Qc7+ Kg6 44. Qc4 Qxf3 45. Qxc2+ Kg7 46. Qc4 Qd1+ 47. Kg2 Qd6 48. h4 gxh4 49. Qg4+ Kf7 50. Qxh4 Kg8 51. Qg4+ Kf8 52. Qf4 Qe7 53. Kf3 Kg7 54. Qg4+ Kh6 55. Kg2 Qc5 56. Qd7 Kg6 57. Qe6 Kg7 58. e4 Qf8 59. Qd7+ Kh8 60. Qc7 Qe8 61. Qf4 Qe7 62. Kf3 {[%eval 372,53]}) 31... Rcd8 {Auch das stärkere 31...Tf8 kann Schwarz nicht mehr retten.} 32. Bf3 Qe5 33. Ne4 Rf8 {Eine für die CXG Sphinx Legend schwierig zu gewinnende Variante hätte sich nach 33...f5 ergeben.} (33... f5 34. Rc5 Qe6 35. Ng5 Qxd6 36. Bd5+ Kh8 (36... Kf8 37. Qc1 $18) 37. Qc1 Nc4 38. Ne6 Re7 39. Nxd8 Qxc5 40. bxc4 bxc4 41. Qxc4 Qxc4 42. Bxc4 g6 43. Nc6 Rc7 44. Bb5 Rc8 45. a4 Ra8 46. f4 Kg7 47. Kf3 Kf6 48. e4 fxe4+ 49. Kxe4 $18 {und gewinnt}) 34. Rc5 Qb2 35. Be2 Rb7 36. Bxb5 Rxb5 37. Rxb5 Nxb5 38. Qxb5 Qxa2 $6 {Verkürzt das Leiden, weshalb 38...Dc2 länger Widerstand leistet.} 39. d7 $18 {Materiell steht es ungefähr gleich. Aber der weisse Freibauer auf der d-Linie ist des Gegners Tod.} Qc2 40. Nc5 Qd2 41. Nb7 Qd1 {Die weisse Stellung ist leicht gewonnen, aber ...} 42. d8=Q $2 {... nicht so, denn nach der folgenden Abwicklung verbleibt Weiss im Damenendspiel mit nur einem Mehrbauer. Weiss hätte mit 42.e4 einen Stützpunkt für seine Dame bauen und erst nach Dd5 in die Dame umwandeln sollen.} (42. e4 g6 43. Qd5 Qxd5 44. exd5 Kg7 45. d8=Q Rxd8 46. Nxd8 Kf6 47. Nc6 g5 48. Kf3 Kf5 49. g4+ Kf6 50. Ke4 h6 51. Nxa5 $18) 42... Rxd8 43. Nxd8 Qxd8 44. g4 Kf8 45. Qc5+ Ke8 46. Qd4 {[#]} Qxd4 $2 {Mit einem Bauer weniger tauscht Schwarz die Damen. Dabei landet er in einem verlorenen Bauernendspiel.} 47. exd4 Kd7 48. Kf3 h6 49. Ke4 Kd6 50. h4 g6 51. g5 hxg5 52. hxg5 f6 53. gxf6 Ke6 54. f7 Kxf7 55. Kd5 Ke7 56. Kc6 Kd8 57. f4 g5 58. fxg5 Ke7 {***AUFGEGEBEN***} 1-0

[Event "Match 72__120'/40"]
[Site "Zurich"]
[Date "2022.??.??"]
[Round "40"]
[White "Mephisto MM II"]
[Black "CXG Sphinx Legend"]
[Result "0-1"]
[WhiteElo "1815"]
[BlackElo "1816"]
[Annotator "KUT"]
[PlyCount "101"]
[EventDate "2022.??.??"]

1. e4 c5 {Match 72: 120'/40+60'/20+30' | Bediener: Rolf Bühler | 40. Partie: Schwarz (CXG) gewinnt | Zwischenstand: 20,0-20,0 (50%) unentschieden | Der geschlossene Sizilianer steht auf dem Brett. Nach einer grundsätzlich ansprechenden Eröffnungsbehandlung mit üblichen kleinen Ungenauigkeiten findet sich im Mittelspiel die CXG Sphinx Legend besser zurecht. Und da Weiss (MM II) weiterhin mehr zweitklassige Züge als der Gegner ausführt, neigt sich die Partie kontinuierlich zugunsten von Schwarz. Und der für längere Zeit keine Rolle spielende schwarze Mehrbauer und Freibauer auf der a-Linie avanciert zum Partiegewinner.} 2. Nc3 Nc6 3. g3 g6 4. Bg2 Bg7 5. d3 d6 6. f4 e6 7. Nf3 {***ENDE BUCH***} Nge7 8. Be3 Nd4 {***ENDE BUCH***} 9. O-O Nxf3+ 10. Qxf3 O-O 11. Nd1 Nc6 (11... b5 {wäre ein Standardzug in solchen Stellungen, um die Stellung am Damenflügel selbst nach 12.c3 mit einmal ...b4 aufzubrechen, was der Aktivität des Lg7 sehr zugutekommt.}) 12. c4 $6 {Steht total im Widerspruch zur weissen Strategie, die 12.c3 verlangt.} Qa5 {Noch war unklar, wo die schwarze Dame den besten Einsatz leistet.} (12... Nd4 {ist die logische Fortsetzung} 13. Qf2 b5 $15) 13. Qf2 Nd4 14. Bd2 Qc7 15. Bc3 Bd7 16. Ne3 b5 {Das kommt jetzt eigentlich schon zu spät. Nachdem Weiss sich bereits für einen Bauernsturm am Königsflügel aufgestellt hat, sollte Schwarz eher mit 16...Tae8 prophylaktisch handeln.} 17. a3 $6 {Will nur ...b4 verhindern, ein Vorstoss, den Schwarz vermeiden sollte, macht er doch seine Chancen am Damenflügel kaputt.} (17. f5 $5 $14 {war angesagt}) 17... Rab8 18. cxb5 Bxb5 19. Nc4 $6 {Auf e3 stand der Springer prächtig, wo er die wichtigen Felder d5, f5 und g4 unter Kontrolle hat. Nun geht der Vorteil an Schwarz über.} Bxc4 20. dxc4 Qb6 $17 {Auch 20...Sb3  kam in Frage.} 21. Rfe1 {Ein Versuch wert war 21.f5, während auch die Verteidigung durch 21.Tac1 einen besseren Eindruck macht. Der Textzug dient keinem speziellen Zweck.} Qb3 {Man sieht klar, wer die Initiative übernommen hat.} 22. Rad1 (22. Bf1 {bringt wegen} Nc2 $1 $19 {gar nichts, sondern überlässt Weiss in einer trostlosen Stellung.}) 22... Nc2 $1 {Das ist noch stärker als der Bauernschnapp 22...Dxc4, was man von einem Oldie eher erwarten würde.} 23. Rf1 Bxc3 24. bxc3 Nxa3 25. Rxd6 Qxc4 $6 (25... Nxc4 {ist offensichtlich deutlich stärker} 26. Rd3 Qa3 27. g4 Rb2 28. Qh4 Qa2) (25... Qxc3 {ist ebenfalls stärker als der Textzug} 26. Qxc5 Nxc4 27. Rc6 {gewinnt kein Material} Rb2 {denn nun ist} 28. Qxc4 $4 {verboten wegen} Qd2 $19 {und gewinnt}) 26. Rc6 Rbc8 27. Rxc8 Rxc8 28. Rc1 a6 {Schwarz hat einen gesunden Bauern mehr, den Freibauer auf der a-Linie. Die Gewinnchancen sind allerdings gering, denn der weisse Läufer ist dem gegnerischen Springer überlegen.} 29. e5 $6 {Linienöffnung mit 29.f5 bringt Weiss ausgeglichenes Spiel.} (29. f5 $1 Rd8 30. Qe3 Rd3 31. Qf4 exf5 32. Bf1 Qxe4 (32... fxe4 33. Qb8+ Kg7 34. Qe5+ Kg8 35. Qb8+ Kg7 36. Qe5+ Kg8 37. Qb8+ $11) 33. Bxd3 Qxd3 34. Qb8+ Kg7 35. Qe5+ Kh6 36. Qxc5 Nb5 37. c4 Nd4 $11) 29... Qb3 30. Qe2 $2 {Das verschlechtert nur die weisse Situation.} ({Dragon 3.1 by Komodo Chess 64-bit:} 30. h4 Rd8 31. Qxc5 Nc4 32. h5 { -1.52 ST 37}) 30... Nb5 {[#]} (30... Rd8 $19 {ist stärker}) 31. c4 $2 {Notwendig war 31.Dd2, denn nach dem Textzug hat Schwarz mit seinem Riesenspringer auf d4 eine gewonnene Stellung.} Nd4 32. Qf1 a5 $1 {Der tödliche Freibauer setzt sich in Bewegung.} 33. Rb1 Qc2 34. Kh1 (34. Ra1 Rb8 $1 $19) 34... a4 35. Rc1 Qa2 36. Ra1 Qb3 37. Rb1 Qe3 38. Rb7 a3 39. Qd1 Qc3 40. Bf1 Ra8 {Das schlimme an der grottenschlechten Stellung von Weiss ist, dass er keinen Deut von Gegenspiel besitzt und nur hoffnungslos zusehen muss, wie der Gegner agiert.} 41. Rb1 a2 42. Ra1 Qxa1 $1 {Eine nette Kombination macht dem Spuk ein baldiges Ende.} 43. Qxa1 Nc2 44. Qxa2 Rxa2 {Einen ganzen Turm mehr hat Schwarz nun.} 45. Bh3 Ne3 46. Kg1 Nxc4 47. Bg4 Ne3 48. Bf3 c4 49. Be4 c3 50. h3 Rg2+ 51. Bxg2 {***AUFGEGEBEN***} 0-1

[Event "Match 72__120'/40"]
[Site "Zurich"]
[Date "2022.??.??"]
[Round "41"]
[White "CXG Sphinx Legend"]
[Black "Mephisto MM II"]
[Result "1/2-1/2"]
[WhiteElo "1816"]
[BlackElo "1815"]
[Annotator "KUT"]
[PlyCount "120"]
[EventDate "2022.??.??"]

{[%evp 0,120,36,31,30,0,0,-4,30,-5,14,-43,-12,-47,-52,-63,-10,-10,5,-8,58,51,76,1,9,-52,-52,-46,-38,-140,-67,-47,-64,-97,-81,-71,-73,-73,-68,-74,-92,-106,-43,-177,-80,-84,-84,-164,-21,-63,-65,-65,-14,-14,-9,-12,-9,-9,-7,-40,-27,-33,-11,-45,87,87,80,82,82,89,89,61,76,77,76,77,97,92,83,53,53,40,79,72,74,76,75,94,93,93,93,82,86,86,75,35,28,31,54,45,44,34,51,11,57,17,57,6,36,26,47,51,51,51,56,60,81,45,60,81,89,52,89]} 1. d4 Nf6 {Match 72: 120'/40+60'/20+30' | Bediener: Rolf Bühler | 41. Partie: remis | Zwischenstand: 20,5-20,5 (50%) unentschieden | Mit seiner Leningrad-Variante 4.Lg5 gegen Nimzo-Indisch bringt Weiss keinen Stein auf den Boden. Im Gegenteil ist es nur Schwarz, der Gewinnchancen hat und diese in den Sand setzt. Oberflächlich betrachtet, unter Berücksichtigung des Könnens der beiden Kontrahenten, haben sich die Programme einen ausgeglichenen Kampf geliefert, der verdientermassen mit Remis endet.} 2. c4 e6 3. Nc3 Bb4 4. Bg5 h6 5. Bh4 c5 6. d5 d6 7. e3 g5 8. Bg3 Ne4 9. Qc2 {***ENDE BUCH***} Qf6 {***ENDE BUCH***} 10. Nge2 exd5 11. cxd5 Bf5 12. Qa4+ Nd7 $17 {Nach Ansicht der Engines steht Schwarz günstiger. Das verwundert nicht, denn die schwarzen Figuren stehen aktiver. Zudem hat Weiss seine Entwicklung noch nicht abgeschlossen.} 13. Rc1 O-O ({Nach} 13... a6 14. f3 b5 15. Qd1 Nxg3 16. Nxg3 c4 {hätte sich der schwarze Vorteil spürbar vergrössert.}) 14. Qb3 Nb6 $2 {Damit geht der meiste schwarze Vorteil verloren. Richtig wäre 14...Tfe8 gewesen.} 15. a3 Ba5 16. f3 $2 {Verpasst die Chance, sich massgeblich zu entlasten.} (16. Qb5 $1 Bxc3+ 17. Nxc3 h5 18. Nxe4 Bxe4 19. f3 Bxd5 20. Be2 Rfe8 21. e4 Bxe4 22. fxe4 Rxe4 23. Rc2 Rae8 24. Kd1 h4 25. Rf1 Qe6 26. Bf2 Re5 27. Bc4 d5 28. Be2 a6 29. Qd3 d4 30. Bf3 Re7 31. Kc1 g4 32. b4 gxf3 33. gxf3 Qh6+ 34. Kb1 Qg6 35. Qxg6+ fxg6 36. bxc5 d3 37. Rd2 Nd5 38. Rxd3 g5 39. Rc1 Nf4 40. Rd6 Re2 41. Rc2 Kf7 42. Kb2 Rxc2+ 43. Kxc2 Re2+ 44. Rd2 $11) 16... Nxg3 (16... Nxc3 17. Nxc3 Rae8 {ist stärker}) 17. Nxg3 Rae8 18. e4 Bd7 {Aus Sicht unserer Oldies ist schon nicht mehr klar, wer eigentlich besser steht.} 19. Be2 Qd4 20. Qc2 $6 {Vernünftiger ginge die Dame nach d1.} Nc4 $6 {Aber auch Schwarz ist nicht auf der Höhe. Ansonsten hätte er eine der vielversprechenden Fortsetzungen 20...f5 oder 20...Sa4 gewählt ... und Weiss käme in Nöte.} {[#]} 21. Nf1 $2 {Kommt einem Verlustzug gleich, wenn nun 21...f5! gefolgt wäre. Doch ahnt der Mephisto MM II nichts von seinem Glück.} (21. Bxc4 Qxc4 22. Nge2 f5 23. O-O {und Weiss kann sich genügend verteidigen.}) 21... Ne3 $6 22. Nxe3 Qxe3 23. Rb1 $2 {Stürzt wieder in eine hoffnungslose Stellung.} (23. Qd2 Qxd2+ 24. Kxd2 {und Weiss hat keine grossen Sorgen mehr.}) 23... Bb5 $2 {Erneut findet Schwarz den Gewinnweg nicht.} 24. Kf1 $6 {Ebenfalls nicht am besten.} (24. Qd2 $11 {war auch hier ausgeglichen.}) 24... Bxe2+ 25. Qxe2 Qxe2+ $2 {Nur mit 25...Dd4 konnte Schwarz weiterhin auf Gewinn spielen.} 26. Kxe2 {Nun ist nichts mehr los.} f5 27. b4 cxb4 28. axb4 Bb6 29. Rhd1 (29. Kd3 {ist einfacher}) 29... fxe4 30. Nxe4 Re5 31. Rd2 a5 32. bxa5 Bxa5 33. Rc2 (33. Rd4 {verspricht gar Weiss ein leichtes Plus.}) 33... Rxd5 34. Rxb7 Rf7 {Von hier ab, in einer ausgeglichenen Stellung, passiert bis zum Spielende nichts Erwähnenswertes mehr.} 35. Rb8+ Kg7 36. Rcc8 Re5 37. Kd3 Re6 38. Ra8 Bc7 39. Kd4 Re5 40. Ra6 Rd7 41. Rc6 Ree7 42. Kd3 Rf7 43. h3 Rfe7 44. Ng3 Kg6 45. Kd4 Bd8 46. Ne4 Re6 47. Kd5 Re5+ 48. Kc4 Be7 49. Ra6 Kf5 50. Kd3 Rd5+ 51. Kc2 Rb5 52. Nc3 Re5 53. Kd3 Rc5 54. Re8 Rb7 55. Ne4 Rd5+ 56. Ke3 Rb3+ 57. Kf2 Rb7 58. Ke3 Rb3+ 59. Kf2 Rb7 60. Ke3 Rb3+ {***3xREMIS***} 1/2-1/2